Antigona : el texto de la tragedia /

保存先:
書誌詳細
第一著者: Ruiloba Caparroso, Rafael
フォーマット: 不明
言語:Spanish
出版事項: Panamá : Instituto Nacional de cultura, 1991.
シリーズ:(Colección Dabaile)
主題:
タグ: タグ追加
タグなし, このレコードへの初めてのタグを付けませんか!

MARC

LEADER 000000000a22000000004500
001 001882
041 0 |a spa 
082 0 4 |a 882.01   |b R934a 
100 1 |a Ruiloba Caparroso, Rafael 
245 1 0 |a Antigona :   |b el texto de la tragedia /   |c Rafael Ruiloba Caparroso. 
260 1 |a Panamá :   |b Instituto Nacional de cultura,   |c 1991. 
300 |a 210 páginas 
490 1 |a (Colección Dabaile) 
650 4 |a ANTIGONA 
650 4 |a MITOLOGIA GRIEGA EN LA LITERATURA 
650 4 |a TRAGEDIA 
999 |c 8528  |d 8528 
942 |c BK  |h 882.01 R934a  |2 z